[Event "Bregenz Bodensee Seniors op"]
[Site "Bregenz"]
[Date "2024.05.08"]
[Round "4"]
[White "Staub, Gerhard"]
[Black "Schmuki, Roman"]
[Result "1/2-1/2"]
[WhiteElo "2093"]
[BlackElo "1932"]
[PlyCount "82"]
[EventDate "2024.05.05"]
[EventType "swiss"]
[EventRounds "7"]
[EventCountry "AUT"]
[SourceTitle "CB21_2024"]
[SourceDate "2024.05.22"]
[SourceVersion "1"]
[SourceVersionDate "2024.05.22"]
[SourceQuality "1"]

1. e4 c6 2. d4 d5 3. exd5 cxd5 4. Bd3 Nc6 5. c3 Nf6 6. Bf4 Bg4 7. Nf3 e6 8. Nbd2 Bd6 9. Bxd6 Qxd6 10. h3 Bxf3 11. Nxf3 0-0-0 12. Qa4 Kb8 13. 0-0-0 Rc8 14. Kb1 Qf4 15. Rhe1 Rhd8 16. Re3 Qc7 17. Ne5 Rd6 18. g4 h6 19. f4 Nd8 20. f5 Ka8 21. Rde1 Rb8 22. Qa3 Rb6 23. h4 Rc8 24. g5 hxg5 25. hxg5 Ne4 26. Bxe4 dxe4 27. f6 gxf6 28. gxf6 Nc6 29. Nxc6 Qxc6 30. Rxe4 Qd5 31. Qe7 Qb5 32. R4e2 Qh5 33. a3 a6 34. Ka1 Qg6 35. Qd7 Rbc6 36. d5 exd5 37. Re7 R6c7 38. Qd6 Rc6 39. Qxd5 Qxf6 40. Rxf7 Qd6 41. Qxd6 Rxd6 1/2-1/2

[Event "Bregenz Bodensee Seniors op"]
[Site "Bregenz"]
[Date "2024.05.07"]
[Round "3"]
[White "Schmuki, Roman"]
[Black "Belke, Frank"]
[Result "1/2-1/2"]
[WhiteElo "1932"]
[BlackElo "2200"]
[PlyCount "110"]
[EventDate "2024.05.05"]
[EventType "swiss"]
[EventRounds "7"]
[EventCountry "AUT"]
[SourceTitle "CB21_2024"]
[SourceDate "2024.05.22"]
[SourceVersion "1"]
[SourceVersionDate "2024.05.22"]
[SourceQuality "1"]

1. e4 e6 2. d4 d5 3. exd5 exd5 4. c4 Bb4+ 5. Nc3 Nf6 6. Nf3 0-0 7. Bd3 Re8+ 8. Be3 Ng4 9. 0-0 Nxe3 10. fxe3 dxc4 11. Bxc4 Be6 12. Qb3 Bxc3 13. d5 Bf6 14. dxe6 fxe6 15. Qxb7 Nd7 16. Rad1 Qe7 17. Qxc7 Nb6 18. Qxe7 Rxe7 19. Bb3 Kh8 20. e4 Bxb2 21. Ng5 h6 22. Nxe6 g5 23. Rd6 Rd7 24. Rc6 Ba3 25. g3 Rc8 26. Rxc8+ Nxc8 27. e5 Be7 28. Kg2 Rd2+ 29. Kf3 Rxh2 30. Rc1 Nb6 31. Rc7 Bb4 32. Rxa7 Rd2 33. Rb7 Ba5 34. Kg4 Nd7 35. Nxg5 hxg5 36. e6 Nf6+ 37. Kxg5 Ne8 38. Kg6 Rd6 39. Kf7 Rd8 40. Ra7 Nd6+ 41. Kf6 Bb4 42. e7 Rb8 43. Bf7 Rb6 44. Be6 Ne8+ 45. Ke5 Bd6+ 46. Kd5 Kg7 47. g4 Kf6 48. Bd7 Kxe7 49. Bxe8+ Kxe8 50. a4 Be7 51. a5 Rb4 52. Ke6 Re4+ 53. Kf5 Re1 54. a6 Ra1 55. Ke6 Re1+ 1/2-1/2

[Event "Bregenz Bodensee Seniors op"]
[Site "Bregenz"]
[Date "2024.05.06"]
[Round "2"]
[White "Hess, Christian"]
[Black "Schmuki, Roman"]
[Result "0-1"]
[WhiteElo "2157"]
[BlackElo "1932"]
[PlyCount "118"]
[EventDate "2024.05.05"]
[EventType "swiss"]
[EventRounds "7"]
[EventCountry "AUT"]
[SourceTitle "CB21_2024"]
[SourceDate "2024.05.22"]
[SourceVersion "1"]
[SourceVersionDate "2024.05.22"]
[SourceQuality "1"]

1. Nf3 d5 2. g3 Nf6 3. Bg2 e6 4. 0-0 c5 5. c4 Nc6 6. cxd5 Nxd5 7. d4 Be7 8. Nc3 Nxc3 9. bxc3 0-0 10. Rb1 Qa5 11. Qc2 Rd8 12. Bd2 Qa6 13. e3 Rb8 14. a4 Bd7 15. Rfc1 b6 16. Bf1 Qc8 17. e4 Be8 18. Bf4 Ra8 19. Bg2 cxd4 20. cxd4 Nb4 21. Qd2 Qa6 22. Rc7 Bf8 23. Rxb4 Bxb4 24. Qxb4 Qxa4 25. Qxa4 Bxa4 26. d5 Rd7 27. Rxd7 Bxd7 28. Ne5 Bb5 29. Nc6 a5 30. Bf1 Bxf1 31. Kxf1 Kf8 32. Ke2 exd5 33. exd5 b5 34. Bc7 a4 35. Bd6+ Ke8 36. Ba3 f6 37. Kd3 Kd7 38. h4 h5 39. f3 Re8 40. Kd2 g5 41. hxg5 fxg5 42. f4 gxf4 43. gxf4 Re4 44. f5 Rf4 45. Ke3 Rxf5 46. Ke4 Rf1 47. Ne5+ Ke8 48. d6 Rd1 49. d7+ Rxd7 50. Nxd7 Kxd7 51. Kf4 Kc6 52. Kg5 Kd5 53. Kxh5 Kc4 54. Kg4 b4 55. Bc1 a3 56. Kf3 Kb3 57. Bg5 Kc2 58. Be7 a2 59. Bf6 b3 0-1

[Event "Wch Seniors 65 29th"]
[Site "Bucharest"]
[Date "2019.11.18"]
[Round "6"]
[White "Schmuki, Roman"]
[Black "Patola, Eero"]
[Result "1-0"]
[WhiteElo "1940"]
[BlackElo "1794"]
[PlyCount "77"]
[EventDate "2019.11.12"]
[EventType "swiss"]
[EventRounds "11"]
[EventCountry "ROU"]
[SourceTitle "CBM 193 Extra"]
[Source "ChessBase"]
[SourceDate "2020.01.31"]
[SourceVersion "1"]
[SourceVersionDate "2020.01.31"]
[SourceQuality "1"]

1. e4 d5 2. exd5 Nf6 3. Nc3 Nxd5 4. Nf3 Bg4 5. Bc4 e6 6. h3 Bh5 7. d4 Bb4 8. Bd2 Nxc3 9. bxc3 Be7 10. Rb1 b6 11. Qe2 0-0 12. 0-0 Nd7 13. Rfe1 Bf6 14. Bf4 Re8 15. g4 Bg6 16. Rbd1 h6 17. Bb5 c6 18. Bxc6 Rc8 19. Ba4 Rxc3 20. Ne5 Bxe5 21. dxe5 Qh4 22. Bxd7 Rxh3 23. Bc6 Rc8 24. Bg2 Rxc2 25. Rd2 Rhc3 26. Rxc2 Rxc2 27. Qf3 Rxa2 28. Bg3 Qg5 29. Qa8+ Kh7 30. Bf3 h5 31. gxh5 Bxh5 32. Bxh5 Qxh5 33. Kg2 Qf5 34. Rh1+ Kg6 35. Rh4 Ra3 36. Rf4 Qh5 37. Qe4+ Kg5 38. Rh4 Qd1 39. f4# 1-0

[Event "Wch Seniors 65 29th"]
[Site "Bucharest"]
[Date "2019.11.13"]
[Round "2"]
[White "Schmuki, Roman"]
[Black "Parvulescu, Nicu"]
[Result "1-0"]
[WhiteElo "1940"]
[BlackElo "1630"]
[PlyCount "63"]
[EventDate "2019.11.12"]
[EventType "swiss"]
[EventRounds "11"]
[EventCountry "ROU"]
[SourceTitle "CBM 193 Extra"]
[Source "ChessBase"]
[SourceDate "2020.01.31"]
[SourceVersion "1"]
[SourceVersionDate "2020.01.31"]
[SourceQuality "1"]

1. e4 c5 2. c3 e6 3. Nf3 Nc6 4. d4 d5 5. exd5 Qxd5 6. Be3 cxd4 7. cxd4 Nf6 8. Nc3 Bb4 9. Be2 0-0 10. 0-0 Qd8 11. Qd3 h6 12. Rad1 Bxc3 13. bxc3 Qa5 14. Qc2 Bd7 15. Rb1 Qc7 16. c4 Rfc8 17. Rfc1 Ng4 18. Qd2 Nxe3 19. Qxe3 b6 20. h3 Qd8 21. Re1 Ne7 22. Bd3 Nf5 23. Qe4 g6 24. Ne5 Be8 25. d5 Qf6 26. Ng4 Qg7 27. dxe6 fxe6 28. c5 bxc5 29. Rb7 Qf8 30. Qxe6+ Bf7 31. Nf6+ Kg7 32. Bc4 1-0

[Event "Bled Planinc Memorial 1st"]
[Site "Bled"]
[Date "2018.11.24"]
[Round "7"]
[White "Plesec, Damjan"]
[Black "Schmuki, Roman"]
[Result "1-0"]
[WhiteElo "2250"]
[BlackElo "2011"]
[PlyCount "79"]
[EventDate "2018.11.24"]
[EventType "swiss (blitz)"]
[EventRounds "9"]
[EventCountry "SLO"]
[SourceTitle "CBM 187 Extra"]
[Source "ChessBase"]
[SourceDate "2018.11.04"]
[SourceVersion "1"]
[SourceVersionDate "2018.11.04"]
[SourceQuality "1"]

1. d4 Nf6 2. Nf3 e6 3. e3 d5 4. c3 Bd6 5. Nbd2 0-0 6. Bd3 b6 7. Qe2 Bb7 8. Ne5 c5 9. f4 Nc6 10. 0-0 Ne7 11. Rf3 Ne4 12. Rh3 f6 13. Qh5 h6 14. Ng4 Nf5 15. Qg6 Kh8 16. Nxe4 dxe4 17. Bc4 Qe8 18. Qxe8 Raxe8 19. Bb5 Re7 20. b3 Rc8 21. Nf2 cxd4 22. cxd4 Rec7 23. Bd2 a6 24. Bc4 Bd5 25. g4 Bxc4 26. bxc4 Ne7 27. Nxe4 Ba3 28. Rb1 Rxc4 29. Rb3 Bc1 30. Be1 R8c6 31. g5 fxg5 32. fxg5 Nf5 33. gxh6 Nxh6 34. Ng5 Kg8 35. Nf3 Ra4 36. Ne5 Rc2 37. Rxb6 Raxa2 38. Rxe6 Rg2+ 39. Kf1 Rxh2 40. Rxh2 1-0

[Event "Bled Planinc Memorial 1st"]
[Site "Bled"]
[Date "2018.11.24"]
[Round "2"]
[White "Schmuki, Roman"]
[Black "Hardicsay, Peter"]
[Result "0-1"]
[WhiteElo "2011"]
[BlackElo "2223"]
[PlyCount "93"]
[EventDate "2018.11.24"]
[EventType "swiss (blitz)"]
[EventRounds "9"]
[EventCountry "SLO"]
[SourceTitle "CBM 187 Extra"]
[Source "ChessBase"]
[SourceDate "2018.11.04"]
[SourceVersion "1"]
[SourceVersionDate "2018.11.04"]
[SourceQuality "1"]

1. e4 c5 2. Nf3 e6 3. c3 Nf6 4. e5 Nd5 5. d4 cxd4 6. cxd4 Qc7 7. Bd2 b6 8. Nc3 Nxc3 9. bxc3 Be7 10. Bd3 0-0 11. Qe2 Bb7 12. 0-0 d6 13. h4 dxe5 14. Nxe5 Nd7 15. f4 h6 16. Be1 Rad8 17. Rc1 Bd6 18. Bg3 f5 19. Nc4 Rde8 20. Ne5 Bxe5 21. fxe5 Kh8 22. Bf4 Rf7 23. g4 Qc6 24. Qh2 Ref8 25. gxf5 Rxf5 26. Bxf5 Rxf5 27. Bd2 Qe4 28. Rxf5 Qg4+ 29. Kf2 Qxf5+ 30. Kg1 Qg4+ 31. Kf2 Qf3+ 32. Ke1 Be4 33. Qf2 Qh3 34. Be3 b5 35. Kd2 Nb6 36. Rg1 Nc4+ 37. Kc1 Nxe3 38. Rg3 Qh1+ 39. Rg1 Qf3 40. Qxf3 Bxf3 41. Rg3 Bd5 42. Rxe3 Bxa2 43. Rf3 Kg8 44. Kd2 Bd5 45. Rf1 a5 46. Ra1 a4 47. Ke3 0-1

[Event "Wch Seniors 50 28th"]
[Site "Bled"]
[Date "2018.11.23"]
[Round "6"]
[White "Schmuki, Roman"]
[Black "Stentebjerg Hansen, Per"]
[Result "0-1"]
[WhiteElo "2011"]
[BlackElo "2219"]
[PlyCount "60"]
[EventDate "2018.11.18"]
[EventType "swiss"]
[EventRounds "11"]
[EventCountry "SLO"]
[SourceTitle "CBM 187 Extra"]
[Source "ChessBase"]
[SourceDate "2018.11.04"]
[SourceVersion "1"]
[SourceVersionDate "2018.11.04"]
[SourceQuality "1"]

1. e4 c6 2. d4 d5 3. exd5 cxd5 4. c4 Nf6 5. Nc3 Nc6 6. Bg5 Be6 7. Nf3 g6 8. Be2 Bg7 9. 0-0 0-0 10. c5 Ne4 11. Be3 Nxc5 12. Nxd5 Qxd5 13. dxc5 Bxb2 14. Qxd5 Bxd5 15. Rab1 Bf6 16. a4 Rfd8 17. Rfd1 Be4 18. Rb5 Rxd1+ 19. Bxd1 Rd8 20. Bb3 Rd7 21. Ne1 Bc3 22. f3 Bf5 23. g4 Bxe1 24. gxf5 a6 25. fxg6 hxg6 26. Kf1 axb5 27. axb5 Rd3 28. bxc6 bxc6 29. Ba4 Rxe3 30. Bxc6 Bb4 0-1

[Event "Wch Seniors 50 27th"]
[Site "Acqui Terme"]
[Date "2017.11.07"]
[Round "1"]
[White "Reprintsev, Alexander"]
[Black "Schmuki, Roman"]
[Result "1-0"]
[WhiteElo "2361"]
[BlackElo "2038"]
[PlyCount "71"]
[EventDate "2017.11.07"]
[EventType "swiss"]
[EventRounds "11"]
[EventCountry "ITA"]
[SourceTitle "CBM 181 Extra"]
[Source "ChessBase"]
[SourceDate "2017.12.12"]
[SourceVersion "1"]
[SourceVersionDate "2017.12.12"]
[SourceQuality "1"]

1. e4 e6 2. Qe2 Be7 3. d4 d5 4. e5 c5 5. Qg4 Kf8 6. dxc5 f5 7. Qg3 Nc6 8. Nf3 Bxc5 9. Be2 Nge7 10. 0-0 a6 11. Nbd2 b5 12. a4 b4 13. Nb3 Ba7 14. c4 Qe8 15. Rd1 h6 16. h4 Bb7 17. Be3 g5 18. Bxa7 Rxa7 19. hxg5 Qg6 20. Nc5 Bc8 21. cxd5 Nxd5 22. Nh4 Qg7 23. g6 Qxe5 24. Qxe5 Nxe5 25. Nxf5 exf5 26. Rxd5 Nxg6 27. Rd6 Nf4 28. Bxa6 Bxa6 29. Nxa6 Ke7 30. Rb6 Nd5 31. Re1+ Kf7 32. Rd6 Nf4 33. b3 Rb7 34. Rd4 Ne6 35. Rc4 Ra8 36. Rxe6 1-0

[Event "Kaltern Trophy-A 2nd"]
[Site "Kaltern"]
[Date "2017.10.29"]
[Round "4"]
[White "Schmuki, Roman"]
[Black "Baerthel, Klaus"]
[Result "1-0"]
[WhiteElo "2038"]
[BlackElo "1890"]
[PlyCount "106"]
[EventDate "2017.10.27"]
[EventType "swiss"]
[EventRounds "5"]
[EventCountry "ITA"]
[SourceTitle "CBM 181 Extra"]
[Source "ChessBase"]
[SourceDate "2017.12.12"]
[SourceVersion "1"]
[SourceVersionDate "2017.12.12"]
[SourceQuality "1"]

1. e4 c5 2. Nf3 Nc6 3. c3 d5 4. exd5 Qxd5 5. d4 Bg4 6. Be2 e6 7. 0-0 Nf6 8. Be3 cxd4 9. cxd4 Be7 10. Nc3 Qd6 11. Qd2 Nd5 12. a3 0-0 13. Rfd1 Rac8 14. Ne4 Qd8 15. Nc5 b6 16. Nb3 Qd6 17. Qe1 Bf6 18. Nbd2 Bf5 19. Rac1 Bg6 20. Nc4 Qb8 21. b4 Rfd8 22. b5 Nce7 23. Nfe5 Nxe3 24. fxe3 Be4 25. Qf2 Bd5 26. Ng4 Bg5 27. h4 f5 28. hxg5 fxg4 29. Qh4 Nf5 30. Qxg4 Rxc4 31. Bxc4 Nxe3 32. Qe2 Nxc4 33. Rxc4 Bxc4 34. Qxc4 Qd6 35. Qe2 e5 36. d5 Qc5+ 37. Kh1 Qe7 38. Qg4 Qd7 39. Qe4 Qd6 40. Rd3 Rc8 41. Rh3 g6 42. Re3 Re8 43. Kh2 Qd7 44. a4 Qf5 45. d6 Qxg5 46. d7 Rd8 47. Qd5+ Kg7 48. Rxe5 Qh4+ 49. Kg1 Rf8 50. Re2 Qf6 51. Qe5 Rd8 52. Qe7+ Qxe7 53. Rxe7+ Kf6 1-0

[Event "Basel op"]
[Site "Basel"]
[Date "2017.01.06"]
[Round "6"]
[White "Pratyusha, Bodda"]
[Black "Schmuki, Roman"]
[Result "1-0"]
[WhiteElo "2247"]
[BlackElo "2048"]
[PlyCount "159"]
[EventDate "2017.01.02"]
[EventType "swiss"]
[EventRounds "9"]
[EventCountry "SUI"]
[SourceTitle "CBM 176 Extra"]
[Source "ChessBase"]
[SourceDate "2017.03.02"]
[SourceVersion "1"]
[SourceVersionDate "2017.03.02"]
[SourceQuality "1"]

1. d4 e6 2. c4 d5 3. Nc3 Nf6 4. cxd5 exd5 5. Bg5 Be7 6. e3 0-0 7. Qc2 c6 8. Bd3 Nbd7 9. Nge2 Re8 10. f3 Nf8 11. 0-0 Be6 12. a3 g6 13. b4 Nh5 14. Bxe7 Rxe7 15. e4 Rd7 16. Rad1 Rc7 17. Qd2 b6 18. Qh6 Ng7 19. Bb1 a5 20. b5 cxb5 21. Nxb5 Rc4 22. Bd3 Rcc8 23. Ng3 Qd7 24. e5 Nf5 25. Nxf5 Bxf5 26. Bxf5 Qxb5 27. Bxc8 Rxc8 28. f4 Rc2 29. f5 Qe2 30. Qh3 b5 31. Rfe1 Qf2+ 32. Kh1 Qxf5 33. Qxf5 gxf5 34. Rb1 b4 35. axb4 axb4 36. Rxb4 Rd2 37. g3 Ne6 38. Rf1 Nxd4 39. Rb7 Re2 40. Rf4 Re4 41. Rd7 Rxf4 42. gxf4 Ne2 43. Kg2 Nxf4+ 44. Kf3 Ne6 45. Rxd5 Kg7 46. Rd6 Kg6 47. Ke3 Kg5 48. Rd7 Kg6 49. h4 h5 50. Rd6 Kg7 51. Rb6 Kg6 52. Kd3 Kg7 53. Kc4 Kh7 54. Rb4 Kg6 55. Kd5 Kg7 56. Kd6 Kg6 57. Rb7 f4 58. Kd5 Ng7 59. Ke4 Ne6 60. Rb6 Kg7 61. Kf5 f3 62. Rb2 Nf8 63. Kg5 Ng6 64. e6 f2 65. Rxf2 fxe6 66. Kxh5 Ne7 67. Kg5 Nf5 68. h5 Nh6 69. Rg2 Nf5 70. Re2 Nd4 71. Re3 e5 72. Kg4 Kf6 73. Ra3 Kg7 74. Ra7+ Kf6 75. Ra6+ Kg7 76. h6+ Kh7 77. Kh5 Ne2 78. Ra7+ Kh8 79. h7 Nf4+ 80. Kh6 1-0

[Event "Zuerich op-B 38th"]
[Site "Zuerich"]
[Date "2014.12.30"]
[Round "7"]
[White "Wegelin, Reinhard"]
[Black "Schmuki, Roman"]
[Result "1-0"]
[WhiteElo "1877"]
[BlackElo "1984"]
[PlyCount "35"]
[EventDate "2014.12.26"]
[EventType "swiss"]
[EventRounds "7"]
[EventCountry "SUI"]
[SourceTitle "CBM 164 Extra"]
[Source "ChessBase"]
[SourceDate "2015.03.02"]
[SourceVersion "1"]
[SourceVersionDate "2015.03.02"]
[SourceQuality "1"]

1. d4 e6 2. e4 d5 3. Be3 dxe4 4. Nd2 Nf6 5. f3 Nd5 6. Qe2 exf3 7. Ngxf3 Nxe3 8. Qxe3 Be7 9. Bd3 Nd7 10. 0-0 Nf6 11. Ne5 0-0 12. Kh1 g6 13. Ndf3 Nh5 14. Rad1 f5 15. g4 Nf6 16. gxf5 exf5 17. Qh6 Ng4 18. Bc4+ 1-0

[Event "Lille Luce op 4th"]
[Site "Lille"]
[Date "2013.04.15"]
[Round "3"]
[White "Schmuki, Roman"]
[Black "Doluhanova, Evgeniya"]
[Result "0-1"]
[WhiteElo "2001"]
[BlackElo "2332"]
[PlyCount "60"]
[EventDate "2013.04.13"]
[EventType "swiss"]
[EventRounds "9"]
[EventCountry "FRA"]
[SourceTitle "CBM 154 Extra"]
[Source "ChessBase"]
[SourceDate "2013.06.25"]
[SourceVersion "2"]
[SourceVersionDate "2013.06.25"]
[SourceQuality "1"]

1. e4 c5 2. Nc3 a6 3. g3 b5 4. Bg2 Bb7 5. d3 e6 6. Nf3 d5 7. exd5 exd5 8. 0-0 Be7 9. Re1 Nf6 10. Nh4 Qd7 11. Bg5 0-0 12. Qf3 Ra7 13. Nf5 Bd8 14. Nh6+ Kh8 15. Bxf6 Bxf6 16. Ng4 Bxc3 17. bxc3 d4 18. Qf4 Bxg2 19. Kxg2 dxc3 20. f3 Nc6 21. Nf6 Qd4 22. Nh5 Qxf4 23. Nxf4 b4 24. h4 Kg8 25. Kf2 Nd4 26. Rac1 f6 27. h5 Kf7 28. Re4 Rd8 29. Ng2 a5 30. Ne3 a4 0-1